[Event "DEM U12/U12w 2010"]
[Site "Oberhof GER"]
[Date "2010.05.28"]
[Round "9"]
[White "Donchenko, Alexander"]
[Black "Grigorian, Spartak"]
[Result "1/2-1/2"]
[Termination "normal"]
[Board "1"]
[WhiteElo "2094"]
[BlackElo "1800"]
[PlyCount "125"]
[WhiteFideId "24603295"]
[BlackFideId "24661490"]
[EventCountry "GER"]
[EventRounds "11"]
[EventType "swiss"]
[EventDate "2010.05.22"]

1. d4 Nf6 2. Nf3 c5 3. c4 cxd4 4. Nxd4 e6 5. g3 Nc6 6. Bg2 Qb6 7. Nb3 Ne5 8.
Qc2 d6 9. O-O Bd7 10. Rd1 Rc8 11. Na3 d5 12. Be3 Qc7 13. c5 Ba4 14. Rac1 Nfd7
15. Qd2 Be7 16. Qb4 Bxb3 17. Nb5 Qb8 18. axb3 Nc6 19. Qa3 O-O 20. Nd6 Rcd8 21.
Nb5 a6 22. Nc3 Nce5 23. Na2 Ng4 24. Bf4 e5 25. Bd2 Ngf6 26. b4 Qc7 27. Be1 Nb8
28. Qb3 Nc6 29. e3 e4 30. Bc3 Ne5 31. Bxe5 Qxe5 32. Nc3 Qh5 33. h3 Rd7 34. Rd2
Rfd8 35. Ne2 Ne8 36. Rcd1 Nc7 37. Bxe4 Qxh3 38. Bxd5 Nxd5 39. Rxd5 Bf6 40. Qa4
Rxd5 41. Rxd5 Qc8 42. Rxd8+ Qxd8 43. Nd4 g6 44. Qd1 Kf8 45. Qg4 Qd5 46. Qf4 Be5
47. Qh6+ Ke7 48. Qh4+ Bf6 49. Qf4 Be5 50. Qg5+ f6 51. Qh6 Qf7 52. Qh1 Kd8 53.
Qe4 Qd7 54. Kg2 Kc7 55. f4 Bxd4 56. exd4 f5 57. Qe5+ Kc6 58. Kf2 Qd5 59. Qe8+
Kc7 60. Qh8 Kc6 61. Qxh7 Qxd4+ 62. Kf1 Qc4+ 63. Kg2 1/2-1/2

[Event "DEM U12/U12w 2010"]
[Site "Oberhof GER"]
[Date "2010.05.28"]
[Round "9"]
[White "Sawlin, Leonid"]
[Black "Schröder, Jan-Christian"]
[Result "1/2-1/2"]
[Termination "normal"]
[Board "2"]
[WhiteElo "1865"]
[BlackElo "1965"]
[PlyCount "64"]
[WhiteFideId "4689542"]
[BlackFideId "24662259"]
[EventCountry "GER"]
[EventRounds "11"]
[EventType "swiss"]
[EventDate "2010.05.22"]

1. d4 d5 2. c4 e6 3. Nc3 Be7 4. cxd5 exd5 5. Nf3 c6 6. Qc2 Nd7 7. h3 Ngf6 8.
Bg5 O-O 9. e3 Re8 10. Bd3 Nf8 11. Bf4 Be6 12. O-O-O Rc8 13. Kb1 Qa5 14. Rc1 c5
15. dxc5 Bxc5 16. Qd2 Bb4 17. a3 Bxc3 18. Rxc3 Rxc3 19. Qxc3 Qxc3 20. bxc3 Rc8
21. Be5 N8d7 22. Bxf6 Nxf6 23. Kb2 Nd7 24. Bc2 Nc5 25. Ne5 h6 26. f3 Kf8 27.
Rd1 Ke7 28. Nd3 Nd7 29. Nf4 Nb6 30. Bb3 Rd8 31. a4 a5 32. Rd4 Rd6 1/2-1/2

[Event "DEM U12/U12w 2010"]
[Site "Oberhof GER"]
[Date "2010.05.28"]
[Round "9"]
[White "Müller, Constantin"]
[Black "Manusina, Nicole"]
[Result "1-0"]
[Termination "normal"]
[Board "3"]
[WhiteElo "1861"]
[BlackElo "1789"]
[PlyCount "49"]
[WhiteFideId "24697630"]
[BlackFideId "24657514"]
[EventCountry "GER"]
[EventRounds "11"]
[EventType "swiss"]
[EventDate "2010.05.22"]

1. e4 c6 2. d4 d5 3. f3 dxe4 4. fxe4 e5 5. Nf3 Bg4 6. Bc4 Nd7 7. O-O Ngf6 8.
Qd3 Bxf3 9. gxf3 Be7 10. c3 Qc7 11. f4 O-O-O 12. fxe5 Nxe5 13. Qh3+ Qd7 14.
Qxd7+ Nexd7 15. e5 Ng8 16. Rxf7 g6 17. Be3 Rf8 18. Nd2 Rxf7 19. Bxf7 Bd8 20.
Ne4 Bb6 21. Be6 Kc7 22. Rf1 Kd8 23. Bg5+ Kc8 24. Nd6+ Kc7 25. Rf7 1-0

[Event "DEM U12/U12w 2010"]
[Site "Oberhof GER"]
[Date "2010.05.28"]
[Round "9"]
[White "Bauer, Björn-Benny"]
[Black "Kollars, Dmitrij"]
[Result "1-0"]
[Termination "normal"]
[Board "4"]
[WhiteElo "1821"]
[BlackElo "1611"]
[PlyCount "85"]
[WhiteFideId "24698741"]
[BlackFideId "12909572"]
[EventCountry "GER"]
[EventRounds "11"]
[EventType "swiss"]
[EventDate "2010.05.22"]

1. d4 Nf6 2. c4 e6 3. Nc3 Bb4 4. Nf3 O-O 5. Bf4 c5 6. e3 d5 7. Bd3 b6 8. O-O
Bb7 9. Nb5 Ne8 10. Ng5 h6 11. Nh7 dxc4 12. Bb1 Qd5 13. f3 cxd4 14. Nxd4 e5 15.
Be4 Qd7 16. Nxf8 Bxf8 17. Bxe5 Bxe4 18. fxe4 Nc6 19. Nxc6 Qxc6 20. Qd5 Qxd5 21.
exd5 Bc5 22. Rf3 f6 23. Bg3 Rd8 24. Rd1 Nd6 25. Bxd6 Bxd6 26. Kf2 Be5 27. Rd2
b5 28. e4 b4 29. Rc2 c3 30. bxc3 bxc3 31. Rcxc3 Bxc3 32. Rxc3 Rd7 33. Ke3 Kf7
34. Kd4 Kg6 35. e5 fxe5+ 36. Kxe5 Re7+ 37. Kd6 Re2 38. Kc7 Re7+ 39. Kd8 Rf7 40.
Rg3+ Kh7 41. d6 Rf2 42. d7 Kg8 43. Rd3 1-0

[Event "DEM U12/U12w 2010"]
[Site "Oberhof GER"]
[Date "2010.05.28"]
[Round "9"]
[White "Xiong, Ferdinand"]
[Black "Rempe, Moritz"]
[Result "1-0"]
[Termination "normal"]
[Board "5"]
[WhiteElo "1901"]
[BlackElo "1631"]
[PlyCount "101"]
[WhiteFideId "24654132"]
[BlackFideId "12906867"]
[EventCountry "GER"]
[EventRounds "11"]
[EventType "swiss"]
[EventDate "2010.05.22"]

1. e4 e6 2. d4 d5 3. Nc3 dxe4 4. Nxe4 Nd7 5. Nf3 Ngf6 6. Bd3 Be7 7. O-O O-O 8.
Re1 b6 9. c3 Bb7 10. Bf4 c5 11. Bg3 Nh5 12. Be5 Nxe5 13. Nxe5 Nf4 14. Bf1 f5
15. Ng3 Qd5 16. dxc5 Bxc5 17. Qxd5 Bxd5 18. c4 Bb7 19. a3 Rad8 20. Rad1 Bd4 21.
Nd3 Nxd3 22. Rxd3 Kf7 23. Red1 Bf6 24. Be2 g6 25. Rd7+ Kg8 26. Rxb7 Rxd1+ 27.
Bxd1 Bxb2 28. Rxa7 Rd8 29. Bb3 Rd3 30. c5 Rxb3 31. c6 Be5 32. c7 Bxc7 33. Rxc7
Rxa3 34. f3 b5 35. Rb7 Ra5 36. Ne2 e5 37. Nc3 f4 38. Rxb5 Rxb5 39. Nxb5 Kf7 40.
Nd6+ Ke6 41. Ne4 Kf5 42. Kf2 h5 43. h4 Ke6 44. Ke2 Kf5 45. Kd3 Ke6 46. Kc4 Kf5
47. Kd5 g5 48. hxg5 h4 49. Kd6 Kg6 50. Kxe5 Kh5 51. Kxf4 1-0

[Event "DEM U12/U12w 2010"]
[Site "Oberhof GER"]
[Date "2010.05.28"]
[Round "9"]
[White "Bluhm, Sonja Maria"]
[Black "Hirschmann, Jakob"]
[Result "1/2-1/2"]
[Termination "normal"]
[Board "6"]
[WhiteElo "1709"]
[BlackElo "1770"]
[PlyCount "35"]
[WhiteFideId "24654027"]
[BlackFideId "24652067"]
[EventCountry "GER"]
[EventRounds "11"]
[EventType "swiss"]
[EventDate "2010.05.22"]

1. d4 e6 2. Nf3 Nf6 3. e3 d5 4. Bd3 Be7 5. b3 b6 6. Bb2 Bb7 7. O-O O-O 8. Nbd2
Nbd7 9. Ne5 Nxe5 10. dxe5 Ne4 11. f4 f5 12. exf6 Bxf6 13. Bxf6 Qxf6 14. Nxe4
dxe4 15. Bc4 Rad8 16. Qe1 Bd5 17. Be2 Rd6 18. c4 1/2-1/2

[Event "DEM U12/U12w 2010"]
[Site "Oberhof GER"]
[Date "2010.05.28"]
[Round "9"]
[White "Keller, Peter"]
[Black "Baskin, Robert"]
[Result "0-1"]
[Termination "normal"]
[Board "7"]
[WhiteElo "1798"]
[BlackElo "1828"]
[PlyCount "84"]
[WhiteFideId "1272105"]
[BlackFideId "24662402"]
[EventCountry "GER"]
[EventRounds "11"]
[EventType "swiss"]
[EventDate "2010.05.22"]

1. e4 e6 2. Nf3 d5 3. Nc3 Nf6 4. e5 Nfd7 5. d4 c5 6. dxc5 Nc6 7. Bf4 Bxc5 8.
Bd3 f6 9. exf6 Qxf6 10. Bg3 O-O 11. O-O Nd4 12. Nxd4 Bxd4 13. Qe2 Nc5 14. Nb5
Bxb2 15. Rab1 Bd7 16. Nc7 Rac8 17. c4 dxc4 18. Bxc4 Bd4 19. Bd6 Qxf2+ 20. Rxf2
Rxf2 21. Qxf2 Bxf2+ 22. Kxf2 Ne4+ 23. Kg1 Nxd6 24. Bxe6+ Bxe6 25. Nxe6 Kf7 26.
Nd4 b6 27. Re1 Rc4 28. Ne6 Rc2 29. Nd8+ Kf8 30. Ne6+ Kg8 31. Rf1 h6 32. Rf8+
Kh7 33. Rd8 Ne4 34. g3 Rxa2 35. Rd7 Kg6 36. Nf4+ Kf6 37. Nh5+ Kg5 38. Nxg7 Kg4
39. Rf7 Kh3 40. Rf4 Ra1+ 41. Rf1 Rxf1+ 42. Kxf1 Kxh2 0-1

[Event "DEM U12/U12w 2010"]
[Site "Oberhof GER"]
[Date "2010.05.28"]
[Round "9"]
[White "Kaplun, David"]
[Black "Richter, Leonard"]
[Result "0-1"]
[Termination "normal"]
[Board "8"]
[WhiteElo "1787"]
[BlackElo "1816"]
[PlyCount "90"]
[WhiteFideId "12901954"]
[BlackFideId "12900290"]
[EventCountry "GER"]
[EventRounds "11"]
[EventType "swiss"]
[EventDate "2010.05.22"]

1. d4 Nf6 2. c4 c5 3. Nf3 cxd4 4. Nxd4 g6 5. Nc3 Bg7 6. e4 d6 7. Be3 O-O 8. Be2
Nc6 9. Nc2 Be6 10. O-O Rc8 11. Na3 a6 12. Rc1 Ne5 13. b3 Qa5 14. Na4 Nxe4 15.
Bb6 Qd2 16. Qxd2 Nxd2 17. Rfd1 Ne4 18. Nc2 Bd7 19. f4 Bxa4 20. fxe5 Nc3 21. Bg4
Rc6 22. Rd3 Nxa2 23. Ra1 Rxb6 24. bxa4 Nb4 25. Nxb4 Rxb4 26. exd6 exd6 27. Ra2
Rxc4 28. Bf3 Re8 29. g3 Bd4+ 30. Kg2 Re7 31. Rb3 Rcc7 32. Bd5 Kf8 33. Rb4 Bc5
34. Rb3 Ke8 35. Rab2 b6 36. Bc4 Ra7 37. Bd5 Re5 38. Bf3 Kd8 39. Rd3 Rae7 40.
Rc2 Kc7 41. Rb3 Re1 42. h3 Ra1 43. Bd5 Rxa4 44. Rf3 f5 45. h4 b5 0-1

[Event "DEM U12/U12w 2010"]
[Site "Oberhof GER"]
[Date "2010.05.28"]
[Round "9"]
[White "Hamid, Emran"]
[Black "Angrick, Philipp"]
[Result "1-0"]
[Termination "normal"]
[Board "9"]
[WhiteElo "1700"]
[BlackElo "1528"]
[PlyCount "120"]
[WhiteFideId "12903566"]
[BlackFideId "12912298"]
[EventCountry "GER"]
[EventRounds "11"]
[EventType "swiss"]
[EventDate "2010.05.22"]

1. c4 e5 2. g3 Nf6 3. Bg2 d5 4. cxd5 Nxd5 5. Nc3 Ne7 6. Nf3 Nbc6 7. O-O g6 8.
d3 Bg7 9. Bd2 O-O 10. Rb1 a5 11. a3 f5 12. Qc1 Rf7 13. b4 axb4 14. axb4 Qf8 15.
b5 Nd8 16. Ng5 Rf6 17. Nd5 Rd6 18. Bb4 Bh6 19. Bxd6 cxd6 20. f4 exf4 21. gxf4
Nxd5 22. Bxd5+ Kh8 23. Ra1 Rxa1 24. Qxa1+ Bg7 25. Qa8 h6 26. Nf7+ Nxf7 27. Bxf7
Qxf7 28. Qxc8+ Kh7 29. Qc4 Qe7 30. e4 Qh4 31. exf5 Qg4+ 32. Kh1 Qxf5 33. Qe4
Qxb5 34. f5 gxf5 35. Qxf5+ Qxf5 36. Rxf5 b6 37. Kg2 Bd4 38. Kf3 Kg6 39. Rd5 Bc5
40. d4 Bb4 41. Rb5 Ba5 42. Ke4 Kf6 43. h3 Ke6 44. h4 Be1 45. h5 Ba5 46. Rb2 Ke7
47. Kd5 Kd7 48. Rg2 Bb4 49. Rg7+ Ke8 50. Rg6 b5 51. Rxh6 Ba3 52. Rg6 Kf7 53.
Rg3 Bc1 54. Rb3 Bf4 55. Rxb5 Kg7 56. Rb6 Kh6 57. Rxd6+ Kxh5 58. Rf6 Bg5 59. Rf5
Kg6 60. Rxg5+ Kxg5 1-0

[Event "DEM U12/U12w 2010"]
[Site "Oberhof GER"]
[Date "2010.05.28"]
[Round "9"]
[White "Flüchter, Gregor"]
[Black "Paulsen, Alexej"]
[Result "1/2-1/2"]
[Termination "normal"]
[Board "10"]
[WhiteElo "1721"]
[BlackElo "1549"]
[PlyCount "111"]
[WhiteFideId "12903396"]
[BlackFideId "24662372"]
[EventCountry "GER"]
[EventRounds "11"]
[EventType "swiss"]
[EventDate "2010.05.22"]

1. e4 c5 2. Nf3 Nc6 3. c3 Nf6 4. e5 Nd5 5. d4 cxd4 6. cxd4 d6 7. Bc4 Nb6 8. Bb5
d5 9. O-O Bf5 10. Nc3 e6 11. Bf4 Be7 12. Rc1 a6 13. Be2 O-O 14. Re1 Rc8 15. Bd3
Bxd3 16. Qxd3 Nb4 17. Qd1 Nc4 18. Qe2 Qd7 19. a3 Nc6 20. Nd1 b5 21. Ne3 Qa7 22.
Red1 Qb6 23. Nxc4 bxc4 24. Rb1 Rb8 25. h3 Rfc8 26. Be3 Na5 27. Nd2 Nb3 28. Nxb3
Qxb3 29. Bd2 Qa4 30. Bc3 Rb3 31. Rdc1 Rcb8 32. Ra1 Bd8 33. Qd2 h6 34. Rab1 R8b5
35. Kh2 Ba5 36. Bxa5 Qxa5 37. Qxa5 Rxa5 38. Rd1 Rab5 39. Rd2 c3 40. Rc2 Rxb2
41. Rbc1 Rxc2 42. Rxc2 Rb3 43. a4 a5 44. Kg3 Kh7 45. Kf3 Kg6 46. Ke3 Kf5 47. g3
f6 48. exf6 Kxf6 49. f4 g5 50. fxg5+ Kxg5 51. Kd3 Rb4 52. Re2 Rc4 53. Kc2 Rxd4
54. Rxe6 Rc4 55. Re5+ Kf6 56. Rxd5 1/2-1/2

[Event "DEM U12/U12w 2010"]
[Site "Oberhof GER"]
[Date "2010.05.28"]
[Round "9"]
[White "Bentel, Robin"]
[Black "Schwarz, Larissa"]
[Result "0-1"]
[Termination "normal"]
[Board "11"]
[WhiteElo "1642"]
[BlackElo "1526"]
[PlyCount "98"]
[WhiteFideId "12918016"]
[BlackFideId "24699004"]
[EventCountry "GER"]
[EventRounds "11"]
[EventType "swiss"]
[EventDate "2010.05.22"]

1. d4 d5 2. c4 e6 3. Nc3 Nf6 4. Nf3 Nbd7 5. Bg5 Be7 6. e3 h6 7. Bf4 c6 8. Bd3
O-O 9. O-O dxc4 10. Bxc4 c5 11. d5 Nb6 12. Be2 Nbxd5 13. Nxd5 Nxd5 14. Bg3 b6
15. a3 Bb7 16. Qc2 Nf6 17. Rfd1 Qc8 18. Rac1 Be4 19. Qb3 Bd5 20. Bc4 Bxf3 21.
gxf3 Qc6 22. e4 Rfd8 23. a4 a6 24. Rxd8+ Rxd8 25. Bxa6 Rd2 26. Bf4 Rd8 27. Bb5
Qb7 28. Rd1 Rxd1+ 29. Qxd1 Nh5 30. Be5 Bf6 31. Qd6 Bxe5 32. Qxe5 Nf6 33. Qd6
Qa7 34. Qd2 Qc7 35. Kf1 Kh7 36. Ke2 Qxh2 37. Qd8 Qe5 38. Qxb6 Qxb2+ 39. Kf1
Qc1+ 40. Ke2 Nh5 41. f4 Nxf4+ 42. Kf3 Ng6 43. a5 Qf4+ 44. Ke2 Qxe4+ 45. Kd2 c4
46. Bxc4 Qxc4 47. a6 Ne7 48. Qb1+ g6 49. Qd3 Qa2+ 0-1

[Event "DEM U12/U12w 2010"]
[Site "Oberhof GER"]
[Date "2010.05.28"]
[Round "9"]
[White "Perske, Thore"]
[Black "Essler, Oskar"]
[Result "1-0"]
[Termination "normal"]
[Board "12"]
[WhiteElo "1659"]
[BlackElo "1568"]
[PlyCount "75"]
[WhiteFideId "12902195"]
[BlackFideId "12918024"]
[EventCountry "GER"]
[EventRounds "11"]
[EventType "swiss"]
[EventDate "2010.05.22"]

1. e4 e6 2. d3 d5 3. Nd2 c5 4. g3 Nc6 5. Bg2 Nf6 6. Ngf3 Be7 7. O-O O-O 8. Re1
b5 9. e5 Nd7 10. h4 a5 11. Nf1 b4 12. Bf4 a4 13. a3 bxa3 14. bxa3 Ba6 15. N1h2
Na7 16. h5 Nb5 17. Qc1 Rc8 18. Ng4 c4 19. d4 Qb6 20. Qe3 Rc6 21. h6 g6 22. Bh3
c3 23. Bg5 Bxg5 24. Qxg5 f6 25. Nxf6+ Nxf6 26. exf6 Nxd4 27. Nxd4 Qxd4 28.
Bxe6+ Kh8 29. Rad1 Qb6 30. Qe5 Qc7 31. Qxc7 Rxc7 32. Rxd5 Rb7 33. Rd6 Bb5 34.
Bd5 Rbb8 35. Re7 Rbc8 36. Rb6 Bc4 37. Bxc4 Rxc4 38. Rbb7 1-0

[Event "DEM U12/U12w 2010"]
[Site "Oberhof GER"]
[Date "2010.05.28"]
[Round "9"]
[White "Weber, Sandra"]
[Black "Engert, Marvin"]
[Result "0-1"]
[Termination "normal"]
[Board "13"]
[WhiteElo "1350"]
[BlackElo "1612"]
[PlyCount "66"]
[WhiteFideId "1270049"]
[BlackFideId "12901164"]
[EventCountry "GER"]
[EventRounds "11"]
[EventType "swiss"]
[EventDate "2010.05.22"]

1. d4 Nf6 2. c4 g6 3. Nc3 Bg7 4. e3 O-O 5. Nf3 d6 6. Be2 Nbd7 7. O-O e5 8. b4
Ne8 9. c5 f5 10. Bc4+ Kh8 11. e4 f4 12. dxe5 Nxe5 13. Nxe5 Bxe5 14. Qf3 Qh4 15.
g3 Qh3 16. Bb2 Bg4 17. Qg2 Qh5 18. h4 Nf6 19. cxd6 Bf3 20. Qh3 fxg3 21. Nd1
Bxb2 22. Nxb2 gxf2+ 23. Rxf2 Nxe4 24. Rc2 Nxd6 25. Bb3 Nf5 26. Rxc7 Nd4 27. Bc4
Bc6 28. Qg3 Nf3+ 29. Kg2 Nxh4+ 30. Kg1 Nf3+ 31. Kf2 Ng5+ 32. Ke1 Rae8+ 33. Kd2
Ne4+ 0-1

[Event "DEM U12/U12w 2010"]
[Site "Oberhof GER"]
[Date "2010.05.28"]
[Round "9"]
[White "Walter, Kevin"]
[Black "Srokovskiy, Andrea"]
[Result "1-0"]
[Termination "normal"]
[Board "15"]
[WhiteElo "1777"]
[BlackElo "1726"]
[PlyCount "69"]
[WhiteFideId "12906654"]
[BlackFideId "4624947"]
[EventCountry "GER"]
[EventRounds "11"]
[EventType "swiss"]
[EventDate "2010.05.22"]

1. e4 c5 2. Nf3 e6 3. d4 cxd4 4. Nxd4 a6 5. Nc3 b5 6. Bd3 d6 7. O-O Nf6 8. Bg5
Be7 9. f4 b4 10. Nce2 Ng4 11. Bxe7 Qxe7 12. Qd2 e5 13. h3 Nf6 14. Nf3 Nc6 15.
a3 d5 16. exd5 Nxd5 17. Be4 Qc5+ 18. Kh1 Nxf4 19. Nxf4 exf4 20. axb4 Qb6 21.
Ne5 Nxe5 22. Bxa8 O-O 23. Qxf4 Ng6 24. Qf2 Qxb4 25. c3 Qb5 26. Bf3 Rd8 27. Rfd1
Re8 28. Bd5 Be6 29. Bxe6 fxe6 30. Rd6 e5 31. Rdxa6 e4 32. Ra8 e3 33. Rxe8+ Qxe8
34. Qf3 e2 35. Re1 1-0

[Event "DEM U12/U12w 2010"]
[Site "Oberhof GER"]
[Date "2010.05.28"]
[Round "9"]
[White "Wiesner, Paula"]
[Black "Klöckner, Connor"]
[Result "1/2-1/2"]
[Termination "normal"]
[Board "16"]
[WhiteElo "1863"]
[BlackElo "1543"]
[PlyCount "54"]
[WhiteFideId "24654019"]
[EventCountry "GER"]
[EventRounds "11"]
[EventType "swiss"]
[EventDate "2010.05.22"]

1. e4 c5 2. c4 Nc6 3. Ne2 e6 4. d4 cxd4 5. Nxd4 Qb6 6. Nxc6 bxc6 7. Qc2 Ne7 8.
Be3 Qc7 9. Bd3 g6 10. Nc3 Bg7 11. O-O O-O 12. Qd2 Rd8 13. Bf4 e5 14. Bh6 Bb7
15. Bxg7 Kxg7 16. Qe2 a6 17. Rac1 Qa5 18. a3 f6 19. Rfd1 d5 20. cxd5 cxd5 21.
exd5 Nxd5 22. Nxd5 Bxd5 23. Be4 Bxe4 24. Qxe4 Qb6 25. b4 Ra7 26. Rxd8 Qxd8 27.
g3 Rc7 1/2-1/2

[Event "DEM U12/U12w 2010"]
[Site "Oberhof GER"]
[Date "2010.05.28"]
[Round "9"]
[White "Reimers, Juri"]
[Black "Berkes, Alexander"]
[Result "0-1"]
[Termination "normal"]
[Board "17"]
[WhiteElo "1688"]
[BlackElo "1610"]
[PlyCount "96"]
[WhiteFideId "24661511"]
[BlackFideId "12901636"]
[EventCountry "GER"]
[EventRounds "11"]
[EventType "swiss"]
[EventDate "2010.05.22"]

1. e4 e5 2. Nf3 d6 3. d4 exd4 4. Qxd4 Nf6 5. Bg5 Be7 6. Nc3 Be6 7. O-O-O a6 8.
Qd2 c5 9. Kb1 Qa5 10. Bf4 Nxe4 11. Qd3 Nxc3+ 12. Qxc3 Qxa2+ 13. Kc1 Bf6 14. Qa3
Qxa3 15. bxa3 d5 16. Bd6 Be7 17. Bxe7 Kxe7 18. Ng5 Nc6 19. f4 h6 20. Nf3 Rad8
21. Bd3 c4 22. Be2 b5 23. c3 a5 24. Rhe1 Kf6 25. Nd4 Nxd4 26. Rxd4 Rhe8 27. Bf3
Re7 28. Red1 Red7 29. g4 g6 30. R1d2 Kg7 31. Rb2 Rb7 32. Rbd2 Rbd7 33. Rb2 Rb8
34. Rbd2 Rb6 35. Bxd5 Bxg4 36. a4 Be6 37. axb5 Rxb5 38. Bxc4 Rxd4 39. Rxd4 Bxc4
40. Rxc4 Rh5 41. Ra4 Kf6 42. Ra2 Rh3 43. Ra3 a4 44. Kd2 Rxh2+ 45. Ke3 Rh3+ 46.
Kd4 g5 47. fxg5+ hxg5 48. Ke4 Kg6 0-1

[Event "DEM U12/U12w 2010"]
[Site "Oberhof GER"]
[Date "2010.05.28"]
[Round "9"]
[White "Zahn, Alina"]
[Black "Bilchinski, Anton"]
[Result "1/2-1/2"]
[Termination "normal"]
[Board "18"]
[WhiteElo "1550"]
[BlackElo "1727"]
[PlyCount "74"]
[WhiteFideId "24696730"]
[BlackFideId "24615765"]
[EventCountry "GER"]
[EventRounds "11"]
[EventType "swiss"]
[EventDate "2010.05.22"]

1. e4 e5 2. Nf3 d6 3. d4 exd4 4. Nxd4 Nf6 5. Nc3 Be7 6. g3 O-O 7. Bg2 Re8 8.
O-O Bf8 9. Bf4 Nbd7 10. Re1 g6 11. Qd2 Bg7 12. Rad1 Ne5 13. b3 Bd7 14. Bh6 Bxh6
15. Qxh6 Qc8 16. Qd2 Nc6 17. Nxc6 Bxc6 18. Qd4 Qe6 19. Nd5 Nxd5 20. exd5 Qxe1+
21. Rxe1 Rxe1+ 22. Bf1 Bd7 23. Kg2 Rae8 24. Bd3 b6 25. Qc4 R8e7 26. Qa6 c5 27.
Qc4 Kg7 28. Qf4 R7e5 29. Qc4 f6 30. Qa6 Re7 31. Qc4 R1e5 32. h4 b5 33. Qc3 Rxd5
34. Qa5 Rde5 35. Bxb5 Bxb5 36. Qxb5 Re2 37. Qd3 R2e6 1/2-1/2

[Event "DEM U12/U12w 2010"]
[Site "Oberhof GER"]
[Date "2010.05.28"]
[Round "9"]
[White "Birnkraut, Tim"]
[Black "Heldt, Ronny"]
[Result "1/2-1/2"]
[Termination "normal"]
[Board "19"]
[WhiteElo "1686"]
[BlackElo "1584"]
[PlyCount "80"]
[WhiteFideId "24609587"]
[BlackFideId "12903973"]
[EventCountry "GER"]
[EventRounds "11"]
[EventType "swiss"]
[EventDate "2010.05.22"]

1. e4 e6 2. d4 d5 3. Nd2 c5 4. exd5 Qxd5 5. Ngf3 cxd4 6. Bc4 Qd6 7. O-O Nf6 8.
Nb3 Nc6 9. Nbxd4 Nxd4 10. Nxd4 Qc7 11. Bd3 Bd7 12. c3 O-O-O 13. Be2 Bd6 14. h3
Bh2+ 15. Kh1 Be5 16. Be3 Bc6 17. Bf3 Bxf3 18. Qxf3 a6 19. Rfd1 Rd7 20. Rd2 Nd5
21. Rdd1 Kb8 22. Nb3 Rhd8 23. Nd4 Rd6 24. Qe4 Bf6 25. Qf3 h6 26. Re1 g5 27.
Rac1 Bg7 28. Nb3 f5 29. Bd4 Nf4 30. Bxg7 Qxg7 31. Nd4 Qf6 32. Kh2 e5 33. g3
exd4 34. gxf4 d3 35. Rcd1 d2 36. Re3 R6d7 37. fxg5 hxg5 38. Qe2 Ka7 39. Re6 Qf8
40. Qe3+ Ka8 1/2-1/2

[Event "DEM U12/U12w 2010"]
[Site "Oberhof GER"]
[Date "2010.05.28"]
[Round "9"]
[White "Damm, Nils"]
[Black "Heinemann, Josefine"]
[Result "1-0"]
[Termination "normal"]
[Board "20"]
[WhiteElo "1639"]
[BlackElo "1376"]
[PlyCount "95"]
[WhiteFideId "24693065"]
[BlackFideId "12900460"]
[EventCountry "GER"]
[EventRounds "11"]
[EventType "swiss"]
[EventDate "2010.05.22"]

1. c4 e5 2. g3 Nf6 3. Bg2 d5 4. cxd5 Nxd5 5. Nc3 Nb6 6. Nf3 Nc6 7. O-O Be7 8.
a3 O-O 9. b4 f6 10. d3 Be6 11. Bb2 Kh8 12. Qc2 a5 13. b5 Nd4 14. Nxd4 exd4 15.
Na4 Nxa4 16. Qxa4 Bd7 17. Bxb7 Rb8 18. Ba6 Bh3 19. Rfe1 Qd5 20. f3 c5 21. Qxa5
Qe6 22. Qd2 f5 23. e3 Qg6 24. exd4 Bd6 25. dxc5 Bxc5+ 26. d4 Bd6 27. Bc1 Bxg3
28. hxg3 Qxg3+ 29. Kh1 Rf6 30. Rg1 Qxf3+ 31. Kh2 Rh6 32. Qxh6 gxh6 33. Rg3 Qf2+
34. Kxh3 Rg8 35. Rxg8+ Kxg8 36. b6 Qf3+ 37. Kh2 Qf2+ 38. Kh1 Qf3+ 39. Kg1 Qg3+
40. Kf1 Qf3+ 41. Ke1 Qe4+ 42. Be2 Qxd4 43. Rb1 Qc3+ 44. Kd1 Qd4+ 45. Bd2 Qg1+
46. Kc2 Qc5+ 47. Bc3 Qxa3 48. Bc4+ 1-0

[Event "DEM U12/U12w 2010"]
[Site "Oberhof GER"]
[Date "2010.05.28"]
[Round "9"]
[White "Hartmann, Jakob"]
[Black "Peters, Tom"]
[Result "0-1"]
[Termination "normal"]
[Board "21"]
[WhiteElo "1402"]
[BlackElo "1551"]
[PlyCount "92"]
[WhiteFideId "12918067"]
[BlackFideId "24694444"]
[EventCountry "GER"]
[EventRounds "11"]
[EventType "swiss"]
[EventDate "2010.05.22"]

1. e4 c5 2. Nf3 Nc6 3. d4 cxd4 4. Nxd4 g6 5. Nc3 Bg7 6. Be3 Nf6 7. Bc4 O-O 8.
f3 d6 9. Bb3 Bd7 10. Qd2 Nxd4 11. Bxd4 b5 12. g4 a5 13. h4 e5 14. Be3 a4 15.
Bd5 b4 16. Bxa8 bxc3 17. bxc3 Qxa8 18. h5 d5 19. hxg6 fxg6 20. Bg5 dxe4 21.
Bxf6 exf3 22. O-O-O Bxf6 23. Qxd7 Rf7 24. Qe6 Qb7 25. Kd2 Bg5+ 26. Kd3 e4+ 27.
Kc4 Qc7+ 28. Kb5 Kg7 29. Rd6 f2 30. Rf1 e3 31. Qe5+ Bf6 32. Qe6 e2 33. Rxf2
e1=Q 34. Rxf6 Qxe6 35. Rdxe6 Rxf6 36. Rxf6 Kxf6 37. c4 Ke5 38. c5 Kd5 39. c4+
Kd4 40. c6 h5 41. gxh5 gxh5 42. a3 Ke5 43. c5 Kd5 44. Kxa4 Qxc6+ 45. Ka5 Kxc5
46. a4 Qb6# 0-1

[Event "DEM U12/U12w 2010"]
[Site "Oberhof GER"]
[Date "2010.05.28"]
[Round "9"]
[White "Mann, Johannes"]
[Black "Greif, Gavin"]
[Result "1/2-1/2"]
[Termination "normal"]
[Board "22"]
[WhiteElo "1657"]
[BlackElo "1678"]
[PlyCount "72"]
[WhiteFideId "24691380"]
[BlackFideId "24662429"]
[EventCountry "GER"]
[EventRounds "11"]
[EventType "swiss"]
[EventDate "2010.05.22"]

1. e4 e5 2. Nc3 Nf6 3. f4 d6 4. Bc4 Nc6 5. Nf3 Be7 6. f5 b6 7. a3 Bb7 8. d3 Qd7
9. O-O g6 10. Ng5 Rf8 11. fxg6 hxg6 12. Nd5 Nxd5 13. Bxd5 Nd8 14. Bxb7 Nxb7 15.
Qf3 Nd8 16. Be3 f6 17. Nh3 Nf7 18. c3 O-O-O 19. d4 exd4 20. cxd4 g5 21. Nf2 Rh8
22. e5 d5 23. exf6 Bd6 24. h3 Rde8 25. Kh1 Kb8 26. Rac1 Qb5 27. b4 Re6 28. Ng4
Re4 29. Qf5 Qe2 30. Qf3 Qb2 31. Nf2 Ree8 32. Qxd5 Rxe3 33. Qxf7 Rexh3+ 34. gxh3
Rxh3+ 35. Kg1 Rg3+ 36. Kh1 Rh3+ 1/2-1/2

[Event "DEM U12/U12w 2010"]
[Site "Oberhof GER"]
[Date "2010.05.28"]
[Round "9"]
[White "Berkov, Mikhail"]
[Black "Bach, Jannik"]
[Result "0-1"]
[Termination "normal"]
[Board "23"]
[WhiteElo "1840"]
[BlackElo "1680"]
[PlyCount "62"]
[WhiteFideId "24678783"]
[BlackFideId "24615900"]
[EventCountry "GER"]
[EventRounds "11"]
[EventType "swiss"]
[EventDate "2010.05.22"]

1. Nc3 d5 2. e4 dxe4 3. Nxe4 Qd5 4. Nc3 Qa5 5. Bc4 Nf6 6. d3 Nc6 7. h3 Bf5 8.
Bd2 Qc5 9. Be3 Qd6 10. Nb5 Qd7 11. Nf3 e6 12. Qd2 Be7 13. O-O-O a6 14. Nbd4
Nxd4 15. Nxd4 Bg6 16. c3 O-O-O 17. Nf3 Bd6 18. Bd4 Rhe8 19. Be5 Qc6 20. Rhg1
Bc5 21. Bd4 Bxd4 22. Nxd4 Qc5 23. Nb3 Qc6 24. Nd4 Qc5 25. Nb3 Qb6 26. Qe3 Qxe3+
27. fxe3 b5 28. Na5 bxc4 29. Nxc4 Rxd3 30. Rxd3 Bxd3 31. Ne5 Bg6 0-1